| 000 | 00646nam a2200229Ia 4500 | ||
|---|---|---|---|
| 003 | OSt | ||
| 005 | 20220926012347.0 | ||
| 006 | a|||||r|||| 00| 0 | ||
| 007 | ta | ||
| 008 | 220923b |||||||| |||| 00| 0 eng d | ||
| 037 | _cGeneral Book | ||
| 040 |
_aRTL _cRTL _beng |
||
| 041 |
_2eng _aeng |
||
| 082 | _aXM5.73.N7, L7 | ||
| 100 |
_aHarper John D _9316278 |
||
| 245 | 0 | _aView of the corporate role in society | |
| 260 |
_aNew York _bCarnegie Mellon University Press USA _c1977 |
||
| 300 |
_a37p _ccm. |
||
| 650 | _aJoint Stock Company | ||
| 942 |
_hXM5.73.N7, L7 _cGB _2CC |
||
| 999 |
_c622674 _d622674 |
||